| 000 | 00430nam a22001817a 4500 | ||
|---|---|---|---|
| 003 | MPLRDC | ||
| 005 | 20220104142540.0 | ||
| 008 | 210129b ||||| |||| 00| 0 eng d | ||
| 020 | _a7-208-01573-2 | ||
| 082 | _a297 JS | ||
| 100 | _a晶森编纂 | ||
| 245 |
_a环球奇闻 _c |
||
| 250 | _a一版一刷 | ||
| 260 |
_a _b上海人民出版社 _c1993 |
||
| 300 | _b平 | ||
| 650 | _a异象奇闻; 奇迹 | ||
| 942 |
_cBK _o297 JS |
||
| 999 |
_c31773 _d31763 |
||